Oficinas Vaquero Cadena : Escala 1 : 20 : 1963 /
Oficina para tienda de ropa proyectada por el arquitecto Julio de la Peña para el señor Pedro Sarquis Merrewe. La tienda Cadena estuvo ubicada sobre Avenida González Gallo, en Guadalajara, Jalisco. Esta lámina presenta corte de esquema estructural para el recinto.
I tiakina i:
| Kaituhi matua: | |
|---|---|
| Ētahi atu kaituhi: | |
| Hōputu: | Atahanga |
| Ngā marau: | |
| Ngā Tūtohu: |
Kāore He Tūtohu, Me noho koe te mea tuatahi ki te tūtohu i tēnei pūkete!
|
MARC
| LEADER | 00000nkm^a2200000^a^4500 | ||
|---|---|---|---|
| 001 | 000270162 | ||
| 005 | 20250521000000.0 | ||
| 009 | 20260310110948.316 | ||
| 037 | |a Acervo ITESO - Biblioteca | ||
| 041 | |a GRA | ||
| 082 | |a 720. 97206 |b PEÑ OFI CAD V. 15 | ||
| 100 | |a Peña, Julio de la |e (autor) | ||
| 240 | 1 | 1 | |a [Oficinas empresariales de Julio de la Peña] |
| 240 | 1 | 1 | |a [Locales Comerciales y de Servicios de Julio de la Peña] |
| 240 | 1 | 1 | |a [Ropa Cadena: oficinas: cortes] |
| 240 | 1 | 1 | |a [Ropa Cadena: oficinas] |
| 240 | 1 | 1 | |a [Ropa Cadena] |
| 245 | 1 | 0 | |a Oficinas Vaquero Cadena : |b Escala 1 : 20 : 1963 / |c J. de la Peña ; calculista L. Vázquez Guerra. |
| 255 | |a Escala 1 : 20 | ||
| 264 | 0 | |a Guadalajara, México : |b dibujo inédito, |c 1963 | |
| 300 | |a 1 lámina en papel albanene (1 fotocopia en papel revolución) | ||
| 300 | |a 1 dibujo arquitectónico : |b dibujo a tinta negra ; |c 61.0 x 90.5 cm | ||
| 336 | |a imagen fija bidimensional : |b sti |2 rdacontenido | ||
| 337 | |a sin mediación |b n |2 rdamedio | ||
| 338 | |a plano arquitectónico |b nz |2 rdasoporte | ||
| 520 | |a Oficina para tienda de ropa proyectada por el arquitecto Julio de la Peña para el señor Pedro Sarquis Merrewe. La tienda Cadena estuvo ubicada sobre Avenida González Gallo, en Guadalajara, Jalisco. Esta lámina presenta corte de esquema estructural para el recinto. | ||
| 562 | |a Libro o recurso maltratado | ||
| 649 | |a XX | ||
| 650 | |a Arquitectos Jaliscienses | ||
| 650 | |a Arquitectos Mexicanos | ||
| 650 | |a Artistas Jaliscienses | ||
| 650 | |a Artistas Mexicanos | ||
| 650 | |a Estructuras de Acero - |x Tema Principal | ||
| 650 | |a Estructuras | ||
| 650 | |a Oficinas Empresariales - |z Guadalajara, Jalisco - |x Tema Principal | ||
| 650 | |a Oficinas Empresariales - |z México | ||
| 650 | |a Locales Comerciales y de Servicios - |z Guadalajara, Jalisco | ||
| 650 | |a Locales Comerciales y de Servicios - |z México | ||
| 650 | |a Planos Arquitectónicos - |x Tema Principal | ||
| 650 | |a Planos Arquitectónicos - |x Cortes | ||
| 650 | |a Dibujo Arquitectónico | ||
| 650 | |a Dibujo Técnico | ||
| 650 | |a Representación Arquitectónica | ||
| 650 | |a Diseño Arquitectónico | ||
| 650 | |a Arquitectura Moderna - |z Guadalajara, Jalisco - |x Tema Principal | ||
| 650 | |a Arquitectura Moderna - |z México | ||
| 650 | |a Arquitectura Jalisciense - |y 1960-1969 | ||
| 650 | |a Arquitectura Jalisciense - |y Siglo XX | ||
| 650 | |a Arquitectura Mexicana - |y 1960-1969 | ||
| 650 | |a Arquitectura Mexicana - |y Siglo XX | ||
| 650 | |a Arte Moderno - |z Guadalajara, Jalisco | ||
| 650 | |a Arte Moderno - |z México | ||
| 650 | |a Arte Jalisciense - |y 1960-1969 | ||
| 650 | |a Arte Jalisciense - |y Siglo XX | ||
| 650 | |a Arte Mexicano - |y 1960-1969 | ||
| 650 | |a Arte Mexicano - |y Siglo XX | ||
| 600 | |a Peña, Julio de la | ||
| 600 | |a Peña, Julio de la | ||
| 700 | |a Vázquez Guerra, Luis |e (cálculo y mediciones) | ||
| 910 | |a Fondo Julio de la Peña Lomelín | ||
| 920 | |a Gráficos - Planos Arquitectónicos | ||
| 940 | |a Arquitectos Jaliscienses | ||
| 905 | |a 501 | ||
| 901 | |a 0500155068 |b IT2 |c ARQ |u 20250521 | ||
| 901 | |a 0500155065 |b IT2 |c ARQ |u 20250521 | ||
| 902 | |a https://opac.biblio.iteso.mx/vufind/Record/000270162 | ||